00888nam a2200253Ia 4500001000700000003000500007008004100012010001100053020001800064040000900082082001200091100002300103245018000126260003100306300001500337500007300352503001400425504002700439650002500466650002700491700004200518700004100560700003300601Z_2480CHAP220113s9999 xx 000 0 und d a165535 a968-18-0052-4 cCHAP a546 C68 aCotton, F. Albert aFundamentos de química inorgánica /cF. Albert Cotton y Geoffrey Wilkinson; versión en español Francisco González Vilchez; revisión Francisco González García aMéxico :bLimusa,c  axii, 65 p. aTraducción de la obra en inglés: Basic organic chemistry de 1976 aej.1: s/n aIncluye bibliografía aElementos químicos aQuímica inorgánica a González García, Francisco, rev. a González Vilchez, Francisco, tr.  aWilkinson, Geoffrey, coaut.